| 000 | 00711cab a2200241 4500 | ||
|---|---|---|---|
| 001 | WB3432-34 | ||
| 008 | 090401t1998 xxu||||| |||| 00| 0 eng d | ||
| 035 | _a(Sirsi) u88083 | ||
| 041 | _aeng | ||
| 245 | _aOpen-plan offices | ||
| 260 | _c1998 | ||
| 350 | _a0 | ||
| 490 |
_aGuardian _v21 August 1998, (1) |
||
| 520 | _aResearch by the British Psychological Society indicates that the higher levels of noise in open-plan offices has a `significantly detrimental` effect on work. | ||
| 650 | _aEFFICIENCY | ||
| 650 | _aEMPLOYEES | ||
| 650 | _aNOISE LEVELS | ||
| 650 | _aOFFICES | ||
| 650 | _aOPEN-PLAN OFFICES | ||
| 690 | _aOFFICE SERVICES AND ADMINISTRATION | ||
| 942 | _n0 | ||
| 948 | _c21/08/1998 | ||
| 999 |
_c55633 _d55633 |
||